| 000 | 00620nam a2200193 i 4500 | ||
|---|---|---|---|
| 001 | C2-0221342 | ||
| 003 | PPAK | ||
| 005 | 20180728150918.0 | ||
| 008 | 991024s1998 my |||| ||||| | may d | ||
| 040 |
_aPPAK _beng _cPPAK _erda |
||
| 245 | 0 | 0 | _aDYMM Tuanku Sultan Kedah |
| 264 | 1 |
_aAlor Setar, Kedah : _bPerbadanan Perpustakaan Awam Kedah , _c1998 |
|
| 300 |
_a40 pages ; _c30 cm |
||
| 336 |
_2rdacontent _atext |
||
| 337 |
_2rdamedia _aunmediated |
||
| 338 |
_2rdacarrier _avolume |
||
| 500 | _aPK 365/98 ; Temubual antara Dato' Zakiah Hanum dengan Dato' Paduka Haji Shaari Haji Daud ; Transkripsi | ||
| 942 |
_ddc _cB |
||
| 999 |
_c142976 _d142976 |
||